[Event "Groningen op 58th"]
[Site "Groningen"]
[Date "2022.12.28"]
[Round "7"]
[White "Levitan, Ronit"]
[Black "Matsumura, Cocoro"]
[Result "1/2-1/2"]
[WhiteElo "1973"]
[BlackElo "2133"]
[PlyCount "81"]
[EventDate "2022.12.21"]
[EventType "swiss"]
[EventRounds "9"]
[EventCountry "NED"]
[SourceTitle "CBM 211 Extra"]
[Source "ChessBase"]
[SourceDate "2023.01.31"]
[SourceVersion "1"]
[SourceVersionDate "2023.01.31"]
[SourceQuality "1"]

1. e4 c5 2. Nf3 d6 3. Bb5+ Nd7 4. a4 Ngf6 5. Nc3 a6 6. Be2 g6 7. 0-0 Bg7 8. a5 0-0 9. d3 Ng4 10. Nd2 Nge5 11. f4 Nc6 12. Nc4 Nd4 13. Be3 f5 14. Nd5 e6 15. Ndb6 Nxb6 16. Nxb6 Rb8 17. c3 Nxe2+ 18. Qxe2 Qc7 19. exf5 gxf5 20. d4 cxd4 21. Bxd4 e5 22. fxe5 dxe5 23. Nxc8 Rbxc8 24. Bb6 Qc6 25. Rad1 e4 26. Qd2 Rf7 27. Qg5 Rcf8 28. Rd8 Qg6 29. Rxf8+ Bxf8 30. Qd2 Qd6 31. Qg5+ Qg6 32. Qd2 Be7 33. Qd5 Bg5 34. Qe5 f4 35. Bd4 Bf6 36. Qe8+ Rf8 37. Qe6+ Kg7 38. Qe7+ Kg8 39. Qe6+ Kg7 40. Qe7+ Kg8 41. Qe6+ 1/2-1/2

[Event "Krakow op-A 32nd"]
[Site "Krakow"]
[Date "2021.12.29"]
[Round "3"]
[White "Seemann, Jakub"]
[Black "Matsumura, Cocoro"]
[Result "1-0"]
[WhiteElo "2312"]
[BlackElo "2121"]
[PlyCount "69"]
[EventDate "2021.12.27"]
[EventType "swiss"]
[EventRounds "9"]
[EventCountry "POL"]
[SourceTitle "EXT 2023"]
[Source "ChessBase"]
[SourceDate "2022.10.05"]
[SourceVersion "1"]
[SourceVersionDate "2022.10.05"]
[SourceQuality "1"]

1. d4 Nf6 2. c4 e6 3. Nf3 d5 4. g3 Bb4+ 5. Bd2 a5 6. Qc2 0-0 7. Bg2 c5 8. dxc5 d4 9. 0-0 Bxc5 10. Ne5 Bd6 11. Nd3 e5 12. e4 Nfd7 13. f4 f6 14. c5 Be7 15. Na3 Na6 16. c6 Ndc5 17. fxe5 Nxd3 18. cxb7 Bxb7 19. Qxd3 Nc5 20. Qc4+ Kh8 21. exf6 gxf6 22. Bh6 Ba6 23. Nb5 Qd7 24. a4 Nxa4 25. Rf5 Nxb2 26. Qb3 Rfb8 27. Rxa5 Bd8 28. Rxa6 Rxa6 29. Qxb2 Rab6 30. Qxd4 Qc6 31. Qb4 Qe8 32. Bf1 Be7 33. Qd4 Rxb5 34. Rxf6 Re5 35. Qxe5 1-0

[Event "Senta op 25th"]
[Site "Senta"]
[Date "2021.07.18"]
[Round "2"]
[White "Matsumura, Cocoro"]
[Black "Ojas, Kulkarni"]
[Result "1/2-1/2"]
[WhiteElo "1924"]
[BlackElo "2216"]
[PlyCount "51"]
[EventDate "2021.07.17"]
[EventType "swiss"]
[EventRounds "9"]
[EventCountry "SRB"]
[SourceTitle "EXT 2022"]
[Source "ChessBase"]
[SourceDate "2021.10.06"]
[SourceVersion "1"]
[SourceVersionDate "2021.10.06"]
[SourceQuality "1"]

1. e4 Nf6 2. e5 Nd5 3. d4 d6 4. Nf3 dxe5 5. Nxe5 c6 6. Bd3 Nd7 7. 0-0 Nxe5 8. dxe5 g6 9. Qe2 Bg7 10. Bd2 Qb6 11. c4 Nb4 12. Be4 c5 13. f4 Nc6 14. Nc3 Nd4 15. Qd3 Be6 16. Be3 Rd8 17. Nd5 Bxd5 18. cxd5 f5 19. Bf3 Nxf3+ 20. Rxf3 Qxb2 21. Rb1 Qxa2 22. Rxb7 Qxd5 23. Qxd5 Rxd5 24. Rxa7 Kf7 25. Rc7 Rhd8 26. Rxc5 1/2-1/2

[Event "Villorba op 1st"]
[Site "Villorba"]
[Date "2021.06.28"]
[Round "5"]
[White "Matsumura, Cocoro"]
[Black "Fischer, Daniel1111"]
[Result "0-1"]
[WhiteElo "1924"]
[BlackElo "2290"]
[PlyCount "100"]
[EventDate "2021.06.25"]
[EventType "swiss"]
[EventRounds "9"]
[EventCountry "ITA"]
[SourceTitle "CBM 203 Extra"]
[Source "ChessBase"]
[SourceDate "2021.09.30"]
[SourceVersion "1"]
[SourceVersionDate "2021.09.30"]
[SourceQuality "1"]

1. e4 c5 2. Nf3 e6 3. g3 Nc6 4. Bg2 Nf6 5. Qe2 d5 6. exd5 Nxd5 7. 0-0 Be7 8. Rd1 Bf6 9. Nc3 Nxc3 10. bxc3 0-0 11. d4 Qa5 12. Qc4 Rd8 13. Bf4 cxd4 14. cxd4 Bd7 15. Rab1 Qh5 16. Qd3 b6 17. Ne5 Bxe5 18. Bf3 Qg6 19. dxe5 Qxd3 20. Rxd3 Be8 21. Rd6 Rac8 22. Rbd1 Rxd6 23. exd6 Bd7 24. Be4 Na5 25. Rd4 f6 26. Bd2 Nc4 27. Bb7 Nxd2 28. Rxd2 Rc5 29. Kf1 Kf7 30. Ke2 Ke8 31. Ke3 Ba4 32. Kd3 Kd7 33. c4 Kxd6 34. Kc3+ Ke7 35. Kb4 Bd7 36. Be4 f5 37. Bb1 e5 38. g4 g6 39. gxf5 gxf5 40. Rxd7+ Kxd7 41. Bxf5+ Kd6 42. Bxh7 a5+ 43. Kb3 Rc7 44. Be4 Rc8 45. f3 Rh8 46. Ka4 Kc5 47. a3 Kxc4 48. f4 exf4 49. Bh7 Rxh7 50. h4 Ra7 0-1

[Event "Murmansk ChessMates 4th"]
[Site "Murmansk"]
[Date "2020.03.15"]
[Round "5.3"]
[White "Rombalskiy, Ivan"]
[Black "Matsumura, Cocoro"]
[Result "0-1"]
[WhiteElo "1298"]
[BlackElo "1896"]
[PlyCount "100"]
[EventDate "2020.03.13"]
[EventType "team-tourn"]
[EventRounds "5"]
[EventCountry "RUS"]
[SourceTitle "CBM 195 Extra"]
[Source "ChessBase"]
[SourceDate "2020.05.31"]
[SourceVersion "1"]
[SourceVersionDate "2020.05.31"]
[SourceQuality "1"]
[WhiteTeam "Murmansk CF"]
[BlackTeam "Ile de France Youth"]
[WhiteTeamCountry "RUS"]
[BlackTeamCountry "FRA"]

1. e4 c5 2. Nf3 d6 3. d4 cxd4 4. Nxd4 Nf6 5. Nc3 a6 6. Be2 e5 7. Nf3 Be7 8. 0-0 0-0 9. h3 b5 10. a3 Bb7 11. Bd3 Nbd7 12. Re1 Rc8 13. Be3 Qc7 14. Nd2 Rfd8 15. Nb3 Nc5 16. f3 Nxb3 17. cxb3 d5 18. exd5 Nxd5 19. Nxd5 Bxd5 20. Rc1 Qb7 21. Rxc8 Qxc8 22. Qb1 g6 23. Rc1 Qd7 24. Rc3 f5 25. Qc2 Qe6 26. b4 e4 27. fxe4 fxe4 28. Be2 Bd6 29. Bd4 Bb8 30. Bf2 Rf8 31. Bg4 Qe5 32. Bg3 Ba7+ 33. Kh2 Qd4 34. Qd1 Bc4 35. Bc7 Rf1 36. Qxd4 Bxd4 37. Rc2 e3 38. Bg3 Rb1 39. Bf4 Kf7 40. h4 Rf1 41. Bg3 Rf2 42. Rc1 Rxb2 43. Re1 e2 44. Rc1 Ra2 45. Be1 Rxa3 46. Bf3 Be3 47. Rc2 Ra1 48. Rc3 Bd4 49. Kg3 Bxc3 50. Bxc3 e1Q+ 0-1

[Event "Continental op 49th"]
[Site "Sturbridge"]
[Date "2019.08.17"]
[Round "6"]
[White "Matsumura, Cocoro"]
[Black "Bader, Jeremy"]
[Result "0-1"]
[WhiteElo "1829"]
[BlackElo "1899"]
[PlyCount "110"]
[EventDate "2019.08.14"]
[EventType "swiss"]
[EventRounds "9"]
[EventCountry "USA"]
[SourceTitle "CBM 191 Extra"]
[Source "ChessBase"]
[SourceDate "2019.09.30"]
[SourceVersion "1"]
[SourceVersionDate "2019.09.30"]
[SourceQuality "1"]

1. e4 c5 2. Nf3 e6 3. d4 cxd4 4. Nxd4 a6 5. Bd3 Nf6 6. 0-0 Qc7 7. Nc3 Be7 8. Kh1 d6 9. f4 Nbd7 10. Qf3 0-0 11. Bd2 Rb8 12. Rae1 b5 13. b4 Bb7 14. a4 bxa4 15. Qh3 g6 16. Nxa4 d5 17. e5 Ne4 18. Bxe4 dxe4 19. c3 Bd5 20. Rc1 Nb6 21. Nxb6 Rxb6 22. Rfe1 Rd8 23. Be3 Rb7 24. Bg1 Qc4 25. Nc2 Bc6 26. Ne3 Qb3 27. Qh6 Bf8 28. Qg5 Rd2 29. Ng4 e3 30. Nxe3 Rbd7 31. Qg4 h5 32. Qg3 R7d3 33. Bf2 Be7 34. Rf1 h4 35. Qh3 Qa2 36. Ra1 Rxf2 37. Rxa2 Rxf1+ 38. Nxf1 Rxh3 39. c4 Rc3 40. Rxa6 Rxc4 41. h3 Rc1 42. Kg1 Rxf1+ 43. Kxf1 Bb5+ 44. Kf2 Bxa6 45. Kf3 Bxb4 46. g3 Bb7+ 47. Kg4 hxg3 48. Kxg3 Kg7 49. Kg4 Kh6 50. h4 Ba6 51. Kh3 Kh5 52. Kg3 Be1+ 53. Kf3 Kxh4 54. Ke4 Kg4 55. Ke3 Bg3 0-1